[Event "GER-ch31 final email"]
[Site "GER email"]
[Date "2002.??.??"]
[Round "?"]
[White "Thiering, Erwin"]
[Black "Schnabel, Michael"]
[Result "1/2-1/2"]
[WhiteElo "2289"]
[BlackElo "2153"]
[PlyCount "100"]
[EventDate "2002.??.??"]
[EventType "tourn (corr)"]
[EventRounds "16"]
[EventCountry "GER"]
[SourceTitle "Corr 2011"]
[Source "ChessBase"]
[SourceDate "2010.08.31"]
[SourceVersion "1"]
[SourceVersionDate "2010.08.31"]
[SourceQuality "1"]

1. g3 e5 2. Bg2 Nc6 3. c4 g6 4. Nc3 Bg7 5. d3 d6 6. e3 Nge7 7. Nge2 h5 8. h4 Bg4 9. f3 Be6 10. e4 Nd4 11. Nxd4 exd4 12. Ne2 c6 13. Nf4 Bd7 14. Kf2 0-0 15. g4 hxg4 16. fxg4 c5 17. Bf3 Nc6 18. h5 Ne5 19. Kg2 b5 20. cxb5 Bxb5 21. b4 cxb4 22. Be2 Bc6 23. Qb3 gxh5 24. Rxh5 Re8 25. a3 a5 26. axb4 axb4 27. Rxa8 Bxa8 28. Bd2 d5 29. exd5 Qd6 30. Kf1 Rb8 31. Rf5 Bh6 32. Ke1 Re8 33. Kf2 Qe7 34. g5 Bg7 35. Bh5 Qd7 36. Rxf7 Nxf7 37. d6 Rb8 38. g6 Kh8 39. gxf7 Qxd6 40. Qd1 Bh6 41. Qg4 Qf6 42. Ke2 b3 43. Ng6+ Kh7 44. Qd7 Rf8 45. Nxf8+ Bxf8 46. Qh3 b2 47. Bf3+ Kg7 48. Qg3+ Kxf7 49. Bh5+ Ke6 50. Bg4+ Kd5 1/2-1/2

[Event "GER-ch31 final email"]
[Site "GER email"]
[Date "2002.??.??"]
[Round "?"]
[White "Thiering, Erwin"]
[Black "Steinke, Ruediger"]
[Result "1/2-1/2"]
[WhiteElo "2289"]
[BlackElo "2317"]
[PlyCount "52"]
[EventDate "2002.??.??"]
[EventType "tourn (corr)"]
[EventRounds "16"]
[EventCountry "GER"]
[SourceTitle "Corr 2011"]
[Source "ChessBase"]
[SourceDate "2010.08.31"]
[SourceVersion "1"]
[SourceVersionDate "2010.08.31"]
[SourceQuality "1"]

1. g3 d5 2. Bg2 e5 3. d3 Nf6 4. Nf3 Nc6 5. 0-0 Be7 6. c4 0-0 7. cxd5 Nxd5 8. a3 Be6 9. Nc3 Nb6 10. b4 Nd4 11. Bb2 Nxf3+ 12. Bxf3 c6 13. Ne4 Nd7 14. Qc2 Bd5 15. Nd2 Bxf3 16. Nxf3 Bf6 17. Nd2 Qc7 18. a4 Be7 19. b5 Rfc8 20. Rfc1 Qd8 21. Qd1 cxb5 22. Rxc8 Rxc8 23. axb5 Qb6 24. Nc4 Qxb5 25. Rxa7 Bc5 26. Ra2 Re8 1/2-1/2

[Event "GER-ch31 final email"]
[Site "GER email"]
[Date "2002.??.??"]
[Round "?"]
[White "Voss, Maximilian"]
[Black "Thiering, Erwin"]
[Result "1/2-1/2"]
[WhiteElo "2407"]
[BlackElo "2289"]
[PlyCount "78"]
[EventDate "2002.??.??"]
[EventType "tourn (corr)"]
[EventRounds "16"]
[EventCountry "GER"]
[SourceTitle "Corr 2011"]
[Source "ChessBase"]
[SourceDate "2010.08.31"]
[SourceVersion "1"]
[SourceVersionDate "2010.08.31"]
[SourceQuality "1"]

1. e4 g6 2. d4 Bg7 3. Nc3 d6 4. Be3 Nd7 5. f4 c6 6. Nf3 Nh6 7. Qd2 Nb6 8. h3 f5 9. exf5 Nxf5 10. Bf2 d5 11. g4 Nd6 12. b3 a5 13. a4 Nd7 14. Bd3 Nf6 15. Qe3 0-0 16. Ne5 Qc7 17. 0-0 b6 18. Rae1 e6 19. Bh4 Bb7 20. f5 exf5 21. gxf5 gxf5 22. Bxf5 Rae8 23. Qg3 Nh5 24. Bxh7+ Kxh7 25. Qg6+ Kg8 26. Rxf8+ Rxf8 27. Qxh5 Bc8 28. Ng6 Rf5 29. Qd1 Rf7 30. Re7 Bd7 31. Rxf7 Nxf7 32. Ne7+ Kf8 33. Qd3 Qd6 34. Ne2 Qh6 35. Qg3 Nd6 36. Ng6+ Kf7 37. Qxd6 Qxg6+ 38. Qxg6+ Kxg6 39. Bd8 Bh6 1/2-1/2

[Event "GER-ch31 final email"]
[Site "GER email"]
[Date "2002.??.??"]
[Round "?"]
[White "Wolf, Wolfgang"]
[Black "Thiering, Erwin"]
[Result "1/2-1/2"]
[WhiteElo "2255"]
[BlackElo "2289"]
[PlyCount "100"]
[EventDate "2002.??.??"]
[EventType "tourn (corr)"]
[EventRounds "16"]
[EventCountry "GER"]
[SourceTitle "Corr 2011"]
[Source "ChessBase"]
[SourceDate "2010.08.31"]
[SourceVersion "1"]
[SourceVersionDate "2010.08.31"]
[SourceQuality "1"]

1. b4 e5 2. Bb2 Bxb4 3. Bxe5 Nf6 4. c4 0-0 5. e3 d5 6. Nf3 Nc6 7. Bb2 Bf5 8. cxd5 Nxd5 9. Be2 Be7 10. a3 Na5 11. d4 c6 12. Nbd2 Qb6 13. Qc1 Rac8 14. Nc4 Nxc4 15. Bxc4 c5 16. Qd2 cxd4 17. Bxd4 Qe6 18. Qa2 Rxc4 19. Qxc4 Nxe3 20. Qxe6 Nxg2+ 21. Kf1 fxe6 22. Kxg2 Be4 23. Rhe1 Bxf3+ 24. Kf1 Bd5 25. Rec1 Rf4 26. Bxa7 Bc4+ 27. Kg2 Bd6 28. Bb6 h5 29. h3 Bd5+ 30. Kf1 Rf3 31. h4 Rh3 32. Ke2 Kf7 33. Bc5 Be5 34. Rab1 Rxh4 35. Rb4 Rxb4 36. Bxb4 h4 37. f3 h3 38. Bc3 Bxc3 39. Rxc3 g5 40. Rc7+ Kg6 41. Rc8 Kg7 42. Rc7+ Kh6 43. Rc8 g4 44. Rg8 Bxf3+ 45. Kf2 h2 46. Rh8+ Kg5 47. Rxh2 Kf4 48. Kg1 g3 49. Rb2 Bd5 50. a4 Ke5 1/2-1/2